Language Quiz

Random Language or Letter Quiz

Ends in 'B' II Quiz Stats

 Plays Quiz Updated Oct 9, 2014

Also try: Ends in 'B'
Challenge
Share
Tweet
Embed
Score 0/22 Timer 05:00
1 Play Today
Clue Word % Correct
Place to soak with a rubber duckiebathtub
88.8%
Arm or leg, e.g.limb
88%
Toothed hair-fixing toolcomb
84.9%
Teensy bit of breadcrumb
81.9%
A thick slice of meatslab
68.8%
Amy Winehouse hit songrehab
58.4%
A type of angelcherub
54.2%
A small snippet of textblurb
54.2%
The upright part of a door framejamb
51.6%
Quickly, very, too, or slowly, e.g.adverb
50.4%
A person from BelgradeSerb
47.2%
Clue Word % Correct
Lacking colordrab
45.5%
An edible pigeonsquab
36.1%
Pulsate with rapiditythrob
36%
Smooth-talkingglib
27%
Yield to superior strengthsuccumb
26.9%
Indian term of address meaning sirsahib
26.2%
Actor Jack from 'Dragnet'Webb
25.5%
A region in Jordan or city in UtahMoab
18.7%
Spy sent to Canaan by MosesCaleb
18.2%
Socialize or party withhobnob
15.3%
Urban foot-powered vehiclepedicab
7.2%

You're not logged in!

Compare scores with friends on all Sporcle quizzes.
Join for Free
OR
Log In

You Might Also Like...

Show Comments

Extras

Top Quizzes Today


Score Distribution

Your Account Isn't Verified!

In order to create a playlist on Sporcle, you need to verify the email address you used during registration. Go to your Sporcle Settings to finish the process.

Report this User

Report this user for behavior that violates our Community Guidelines.

Details: